| 000 | 00400nam a2200145Ia 4500 | ||
|---|---|---|---|
| 001 | 3901 | ||
| 008 | 241024s9999 xx 000 0 und d | ||
| 020 | _a978-9945-465-34-1 | ||
| 082 | _aRD/863.97293/M385a | ||
| 100 | _aJ. Adarberto Martínez | ||
| 245 | 0 | _aLas aventuras del caballito de palo y la muñeca de trapo | |
| 260 |
_bEdiciones CP _c2013 |
||
| 901 | _a28/1/2015 3:45:11 p.m. | ||
| 999 |
_c7766 _d7766 |
||